|
|
|
|
| LEADER |
00000nam0a2200000 4500 |
| 001 |
269281 |
| 005 |
20231031224414.0 |
| 035 |
|
|
|a (RuTPU)RU\TPU\book\292455
|
| 090 |
|
|
|a 269281
|
| 100 |
|
|
|a 20140916d1911 m y0rusy50 ca
|
| 101 |
1 |
|
|a rus
|c ger
|
| 102 |
|
|
|a RU
|
| 105 |
|
|
|a a z 001zy
|
| 200 |
1 |
|
|a Радий и явления радиоактивности
|f Г. Кауффман
|g под ред. В. В. Битнера ; пер. с нем. Л. Двига
|
| 210 |
|
|
|a Санкт-Петербург
|c Вестник Знания (В. В. Битнера)
|d 1911
|
| 215 |
|
|
|a 64 с.
|c ил.
|
| 300 |
|
|
|a Текст в русской дореформенной орфографии
|
| 320 |
|
|
|a Постраничные примечания
|
| 512 |
1 |
|
|a Радий
|
| 610 |
1 |
|
|a радиоактивность
|
| 610 |
1 |
|
|a история
|
| 610 |
1 |
|
|a открытие
|
| 610 |
1 |
|
|a радиоактивные элементы
|
| 675 |
|
|
|a 539.16
|v 3
|
| 700 |
|
1 |
|a Кауффман
|b Г.
|g Гуго
|
| 702 |
|
1 |
|a Битнер
|b В. В.
|4 340
|
| 702 |
|
1 |
|a Двиг
|b Л.
|4 730
|
| 801 |
|
1 |
|a RU
|b 63413507
|c 20140916
|
| 801 |
|
2 |
|a RU
|b 63413507
|c 20210825
|g RCR
|
| 942 |
|
|
|c BK
|